000 00380nam a22001577a 4500
005 20200524132739.0
008 200524b xxu||||| |||| 00| 0 eng d
041 _aeng
082 _a340
100 _aBARE ACT
_95744
245 _aTHE BORDER SECURITY FORCE ACT, 1968 (47 TO 1968)
260 _aDELHI
_bPROFESSONALS BOOKS
300 _a148;p
650 _aLAW
_95701
942 _cBK
999 _c6501
_d6499